000 01283nam0a2200349 i 4500
001 RU\NLR\bibl\1994257
005 20240921174014.0
010 _a9785271449628
_93000
021 _aRU
_b2012-103038
_97591
035 _a(nilc)RuMoRGB-006515956
035 _a(NLR Aleph) 001982711
090 _a4113278
_c4113278
100 _a20130121d2012 u y0rusy50 ca
101 0 _arus
102 _aRU
105 _aa |||||||||
200 1 _aПтицы России
_eопределитель
_fА.А. Мосалов, П.М. Волцит
210 _aМосква
_cАстрель
_d2012
215 _a94, [2] с.
_cцв. ил.
_d22
300 _aНа обл. авт. не указаны
320 _aУказ.: с. 94-96
606 1 _aФранцузский язык
_jОпределители
_xПреподавание
_xМногонациональные классы
_92116705
_3RU\NLR\auth\661278655
686 _aЕ693.35(2Р)я28
700 1 _aМосалов
_bА. А.
_gАлексей Александрович
_4070
701 1 _aВолцит
_bП. М.
_4070
801 0 _aRU
_bRuMoRKP
_c20130121
_gRCR
801 2 _aRU
_bРГБ
_c20130214
_grcr
801 1 _aRU
_bRuMoRKP
_c20130121
_2rusmarc
801 2 _aRU
_bNLR
_c20130131
_grcr
942 _cBOOK
980 _aNBR